000 00376nam a22001457a 4500
005 20250523110711.0
008 250523b |||||||| |||| 00| 0 eng d
020 _a8121918014
050 _aHB615
_bKHA
100 _aKhanka, S.S.
245 _aEntrepreneurial development
260 _aNew Delhi
_bS. Chand and Company Ltd.
_cc2004
300 _axiv, 405p
942 _2lcc
_cBK
_n0
999 _c5930
_d5930